| 000 | 01020nam a2200277 4500 | ||
|---|---|---|---|
| 003 | OSt | ||
| 005 | 20180611152711.0 | ||
| 008 | s2005 fr fre u | ||
| 020 | _a2866334094 | ||
| 040 | _aLB-BrCRDP | ||
| 082 | 1 |
_a907 _bDel |
|
| 100 | 1 | _aMarc, Deleplace | |
| 245 | 1 | 2 |
_aL'apprentissage des concepts en histoire et en géographie _h[enquête au collège et au lycée] |
| 260 |
_aReims _bCRDP de champagne -Ardenne _c2005 |
||
| 300 | _a149p | ||
| 490 | 0 | _aDocuments actes et rapports pour l'éducation | |
| 650 | 4 | _aApprentissages et conceptualisation en histoire et géographie dans l'enseignement secondaire | |
| 650 | 4 | _aAnalyser les productions écrites des élèves | |
| 650 | 4 | _aRévolution : la construction scolaire d'un concept? | |
| 650 | 4 | _aPaysage : entre sens commun et sens scolaire | |
| 650 | 4 | _aL'état à à l'épreuve du sens commun | |
| 700 | 1 | _aDaniel, Niclot | |
| 700 | 1 | _aNicole, Lautier | |
| 942 |
_cBK _2ddc |
||
| 999 |
_c8236 _d8236 |
||